| 000 -CABECERA |
| Longitud fija campo de control |
01267cam a2200361 a 4500 |
| 001 - NÚMERO DE CONTROL |
| Número de control |
.b41561843 |
| 003 - IDENTIFICADOR DEL NÚMERO DE CONTROL |
| Identificador del número de control |
OSt |
| 005 - FECHA Y HORA DE LA ÚLTIMA TRANSACCIÓN |
| Fecha y hora de la última transacción |
20210408153921.0 |
| 008 - CÓDIGOS DE INFORMACIÓN DE LONGITUD FIJA |
| Códigos de información de longitud fija |
090325s2009 spc|||| |||| 0|0|0 spa c |
| 015 ## - NÚMERO DE BIBLIOGRAFÍA NACIONAL |
| Número de bibliografía nacional |
LL2009 |
| Fuente |
bnc |
| 017 ## - NÚMERO DE COPYRIGHT O DE DEPÓSITO LEGAL |
| Número de copyright o de depósito legal |
DL B. 3467-2009 |
| -- |
DL B. 29053-2009 |
| Agencia que asigna el número |
Biblioteca de Catalunya |
| 020 ## - NÚMERO INTERNACIONAL NORMALIZADO PARA LIBROS |
| Número Internacional Normalizado para Libros (ISBN) |
9788497887946 |
| 035 ## - NÚMERO DE CONTROL DEL SISTEMA |
| Número de control del sistema |
(OCoLC)804381043 |
| 040 ## - FUENTE DE LA CATALOGACIÓN |
| Centro catalogador de origen |
ES-BaCBU |
| Lengua de catalogación |
cat |
| Centro transcriptor |
ES-BaCBU |
| Centro modificado |
ES-BaBC |
| 043 ## - CÓDIGO DE ÁREA GEOGRÁFICA |
| Código de área geográfica |
e-sp--- |
| 080 ## - NÚMERO DE LA CLASIFICACIÓN DECIMAL UNIVERSAL |
| Número de la Clasificación Decimal Universal |
070:796.332(460) |
| 090 ## - CAMPOS LOCALES |
| Número de clasificación (OCLC) ; Número de clasificación,LLAMADA (RLIN) |
PN4784.S6 |
| Signatura local (OCLC) ; Signatura sin dividir, número de libro, CALL (RLIN) |
P35 2009 |
| 100 1# - PUNTO DE ACCESO PRINCIPAL-NOMBRE DE PERSONA |
| Nombre de persona |
Paniagua Santamaría, Pedro |
| 245 10 - MENCIÓN DE TÍTULO |
| Título |
Cultura y guerra del fútbol : |
| Resto del título |
análisis del mensaje informativo / |
| Mención de responsabilidad, etc. |
Pedro Paniagua Santamaría ; prólogo de Álex Grijelmo |
| 260 ## - PUBLICACIÓN, DISTRIBUCIÓN, ETC. (PIE DE IMPRENTA) |
| Lugar de publicación, distribución, etc. |
Barcelona : |
| Nombre del editor, distribuidor, etc. |
Editorial UOC, |
| Fecha de publicación, distribución, etc. |
2009 |
| 300 ## - DESCRIPCIÓN FÍSICA |
| Extensión |
187 p. : |
| Otras características físicas |
il. ; |
| Dimensiones |
24 cm |
| 490 1# - MENCIÓN DE SERIE |
| Mención de serie |
[Manuales] ; |
| Designación de volumen o secuencia |
126. |
| Mención de serie |
Comunicación |
| 500 ## - NOTA GENERAL |
| Nota general |
Bibliografia |
| 500 ## - NOTA GENERAL |
| Nota general |
Reimpressions: 2009 |
| 650 #7 - PUNTO DE ACCESO ADICIONAL DE MATERIA - TÉRMINO DE MATERIA |
| Término de materia o nombre geográfico como elemento inicial |
Mitjans de comunicació de massa i esports |
| Subdivisión geográfica |
Espanya |
| Fuente del encabezamiento o término |
lemac |
| 650 #7 - PUNTO DE ACCESO ADICIONAL DE MATERIA - TÉRMINO DE MATERIA |
| Término de materia o nombre geográfico como elemento inicial |
Premsa esportiva |
| Subdivisión geográfica |
Espanya |
| Fuente del encabezamiento o término |
lemac |
| 650 #7 - PUNTO DE ACCESO ADICIONAL DE MATERIA - TÉRMINO DE MATERIA |
| Término de materia o nombre geográfico como elemento inicial |
Futbol |
| Subdivisión geográfica |
Espanya |
| Fuente del encabezamiento o término |
lemac |
| 830 #0 - PUNTO DE ACCESO ADICIONAL DE SERIE - TÍTULO UNIFORME |
| Título uniforme |
Manuales (Editorial UOC) ; |
| Designación de volumen o secuencia |
126 |
| 830 #0 - PUNTO DE ACCESO ADICIONAL DE SERIE - TÍTULO UNIFORME |
| Título uniforme |
Manuales (Editorial UOC). |
| Nombre de parte o sección de la obra |
Comunicación |
| 907 ## - ELEMENTO G DATOS LOCALES, GDL (RLIN) |
| a |
.b41561843 |
| b |
16-02-21 |
| c |
25-03-09 |
| d |
03-04-09 |
| e |
m |
| f |
a |
| g |
- |
| h |
spa |
| i |
spc |
| j |
0 |
| k |
1 |
| 940 ## - |
| T&íacute;tulo uniforme |
<a href="BC">BC</a> |
| 942 ## - ENTRADA DE ELEMENTOS AGREGADOS (KOHA) |
| Fuente de clasificaión o esquema |
|
| Koha [por defecto] tipo de item |
Monografies |